Princp̕ios de direito do trabalho

Detalles Bibliográficos
Autor principal: Pl ̀Rodriguez, Amřico
Formato: eBook
Lenguaje:portugués
Publicado: San Pablo: LTR Editora, 2015
Materias:
Acceso en línea:Acceso restringido

MARC

LEADER 00000nam a22000007a 4500
005 2015081307407.0
007 cr|||| ||||
008 150813s2015 br |||||s|||| 00||0 por d
020 |a 978-85-361-8318-3 
035 |a 12819 
040 |a vLex 
090 |c 5541  |d 5541 
100 1 |a Pl ̀Rodriguez, Amřico 
245 1 0 |a Princp̕ios de direito do trabalho  |h [Recurso electrn̤ico] /  |c Amřico Pl ̀Rodriguez 
256 |a Servicio en ln̕ea 
260 |a San Pablo:  |b LTR Editora,  |c 2015 
300 |a 1 recurso electrn̤ico 
500 |a “A leitura da obra de Pl ̀Rodriguez ̌um convite inteligente, informativo e profundo a provocar uma compreensô imediata do Direito do Trabalho: tal ̌o seu impacto que nô h ̀nada igual na literatura especializada em nosso idioma. Sua escrita tem o tom simples do professor e o mesmo dizer que conhecemos em suas aulas. A complexidade de uma disciplina, sempre colocada ̉prova por mudanȧs polt̕icas, sociais e econm̥icas, encontra em 'Os Princp̕ios' uma formulaȯ̂ e uma semńtica definitiva e rica em significados, sem declinar em barroquismos e expresse̳s insubsistentes, prp̤rios de quem acredita que dizer algo importante somente pode ser feito por meio de requintados jogos lingus̕ticos” 
506 1 |a Disponible solo en los productos indicados  |d vLex Global  |d vLex Global (Academic Edition, excluding Law Schools)  |d vLex Global (U.S. Academic Edition, Law Schools)  |d vLex Global (U.S. Academic Edition, excluding Law Schools)  |d vLex Global (Academic Edition, Law Schools) 
650 0 4 |a Derecho Laboral y Seguridad Social  |z Brasil 
740 0 |a vLex Libros (Servicio en ln̕ea) 
856 4 0 |u http://vlex.com/source/principios-de-direito-do-trabalho-12819  |z Acceso restringido 
942 |c BOOK 
999 0 |a Labor and Social Security